000 00910nam a2200253Ia 4500
003 OSt
005 20220923215846.0
006 a|||||r|||| 00| 0
007 ta
008 220922b |||||||| |||| 00| 0 hin d
024 _a182,296
037 _cTextual
040 _aARTS
_cARTS
_bhin
041 _2hin
_ahin
082 _aO152,1N47x, M8
100 _aवंधोपाध्याय, प्रणव कुमार
_9163939
245 0 _aलालटेन और कवि जमाल हुसेन
246 _aLālaṭen aur kavi jamāl husena
260 _aनई दिल्ली
_b नेशनल पब्लि हाउस
_c1988
300 _a77 पृ.
_ccm.
650 _aहिन्दी साहित्य
_9156264
942 _hO152,1N47x, M8
_cTEXL
_2CC
999 _c335670
_d335670